| 000 | 00843nam a2200217 a 4500 | ||
|---|---|---|---|
| 001 | 81986 | ||
| 003 | BD-RjUL | ||
| 005 | 20230925123207.0 | ||
| 008 | 230925s2023 bg ||||| |||| 00| 0 eng d | ||
| 020 | _a9789849303015 | ||
| 035 | _a(BD-RjUL)81986 | ||
| 040 |
_aBD-RjUL _beng _cBD-RjUL |
||
| 041 | _aben | ||
| 082 |
_223 _a297.1226 _bHOA 2023 |
||
| 100 |
_aহোসেন, মোহাম্মদ আখতার _99183 |
||
| 245 |
_aআল কুরআনের বাণী সমূহ ও আলোচ্য বিষয় / _cমোহাম্মদ আখতার হোসেন |
||
| 300 |
_a৪৮০ পৃ.; _c২২ সেমি. |
||
| 650 |
_aকুরআন _xসমালোচনা, ব্যাখ্যা ইত্যাদি _99184 |
||
| 650 |
_aQurʼan _xCriticism, interpretation, etc _97655 |
||
| 942 |
_2ddc _cBK |
||
| 999 |
_c81986 _d81986 |
||